TV Shows by Actor Quiz Stats

 Plays Quiz Updated Dec 16, 2018

Support Sporcle.
Go Orange.
Score 0/30 Timer 06:00
1 Play Today
Actor Show % Correct
Hugh LaurieHouse M.D.
85.3%
Tina Fey30 Rock
83.8%
Sarah Michelle GellarBuffy the Vampire Slayer
83.2%
Kelsey GrammerFrasier
80%
James GandolfiniThe Sopranos
73.5%
Alan AldaM*A*S*H
71.1%
Kevin JamesThe King of Queens
68%
David HasselhoffKnight Rider
59.7%
Elizabeth MontgomeryBewitched
51.2%
Dennis FranzNYPD Blue
51.1%
Penny MarshallLaverne & Shirley
50.4%
Cybill ShepherdMoonlighting
46.6%
Tony RandallThe Odd Couple
44.5%
Simon BakerThe Mentalist
43.3%
Scott BakulaQuantum Leap
40.8%
Actor Show % Correct
Tim DalyWings
38.3%
Buddy EbsenThe Beverly Hillbillies
37.6%
Jack WebbDragnet
35.4%
Wentworth MillerPrison Break
34.6%
Lea MicheleGlee
34.3%
Roma DowneyTouched by an Angel
33.3%
Jessica AlbaDark Angel
33.1%
Dylan McDermottThe Practice
30.3%
James ArnessGunsmoke
30%
Amber TamblynJoan of Arcadia
25.3%
Conrad BainDiff'rent Strokes
23.3%
Peter KrauseSix Feet Under
22.5%
Anthony LaPagliaWithout a Trace
20.7%
David James ElliottJAG
19.6%
Lee PacePushing Daisies
13.3%

From the Vault

Moviemaking

by LTH

Movies 4m
Spielberg's got nothing on a good Sporcle movie maker.
Remove Ads.
Support Sporcle.
Get the best of Sporcle when you Go Orange. This ad-free experience offers more features, more stats, and more fun while also helping to support Sporcle. Thank you for becoming a member.

Show Comments

Extras

Top Quizzes Today


Score Distribution

Your Account Isn't Verified!

In order to create a playlist on Sporcle, you need to verify the email address you used during registration. Go to your Sporcle Settings to finish the process.

Report this User

Report this user for behavior that violates our Community Guidelines.

Details: